| 000 | 00804nam a22002417a 4500 | ||
|---|---|---|---|
| 005 | 20150216151332.0 | ||
| 010 | _aBAC-EN21/ENG-110681 | ||
| 020 |
_a9789332902732 _c650.00 |
||
| 020 |
_a9332902739 _c650.00 |
||
| 035 | _aEN-94213 | ||
| 035 | _aB-593891-922 | ||
| 037 |
_bPragati/Ven _adpl |
||
| 037 | _bDBAD/PUB | ||
| 082 | _a530 | ||
| 100 | _aBajaj, N.K. | ||
| 245 |
_aComplete physics JEE main / _cby N. K. Bajaj |
||
| 260 |
_aNew Delhi _bMcGraw Hill Education _c2014 |
||
| 270 |
_aP-24, Green Park Extn. _bNew Delhi _e110016 |
||
| 300 |
_avarious pagings : _c29cm(pbk) _bill. |
||
| 490 | _aMcGraw Hill Education winning edge series | ||
| 942 |
_2ddc _cEN _mBAJ _h530 |
||
| 999 |
_c88104 _d88104 |
||